روبوتات المستوطنات الفضائية / (رقم التسجيلة. 247582)

تفاصيل مارك
000 -الفاتح
عناصر البيانات ثابتة الطول 00905nam a22002657i 4500
005 - تاريخ ووقت آخر معاملة
حقل ضبط 20260105134237.0
008 - عناصر البيانات ثابتة الطول
عناصر البيانات ثابتة الطول 250906s2026 ua ||||gr|||| 00| 0 ara d
020 ## - الترقيم الدولي المعياري للكتب (ردمك)
الترقيم الدولي المعياري للكتب (ردمك) 9789774407328
040 ## - مصدر الفهرسة
هيئة الفهرسة الأصلية JO-AmGAM
قواعد الوصف rda
082 14 - رقم تصنيف ديوي العشري
رقم التصنيف 629.892
رقم المادة ب ل ق
100 1# - مدخل رئيسي – اسم شخصي
الاسم الشخصي البلقاسي، منال
علاقة الشخص بالعمل/ دوره مؤلف.
245 1# - بيان العنوان
العنوان روبوتات المستوطنات الفضائية /
بيان المسؤولية أ. د منال البلقاسي.
246 10 - الأشكال المختلفة للعنوان
العنوان الفعلي/العنوان المختصر Space Habitat Robots.
250 ## - بيان الطبعة
بيان الطبعة الطبعة الأولى.
264 31 - بيانات النشر، التوزيع…إلخ
مكان النشر، التوزيع...إلخ الهرم :
اسم الناشر، الموزع...إلخ الدار العالمية للنشر والتوزيع،
تاريخ النشر، التوزيع...إلخ 2026.
300 ## - الوصف المادي
عدد الوحدات المكونة للوعاء 288 صفحة.
336 ## - نوع المحتوى
المصدر rdacontent
مصطلح نوع المحتوى نص
كود نوع المحتوى txt
337 ## - نوع الوسيط
المصدر rdamedia
مصطلح نوع الوسيط دون وسيط عرض
كود نوع الوسيط n
338 ## - نوع الحامل
المصدر rdacarrier
مصطلح نوع الحامل مجلد
كود نوع الحامل nc
650 17 - مدخل إضافي بالموضوع - مصطلح موضوعي
مصطلح موضوعي أو اسم جغرافي كعنصر مدخل الروبوت.
650 17 - مدخل إضافي بالموضوع - مصطلح موضوعي
مصطلح موضوعي أو اسم جغرافي كعنصر مدخل الفضاء.
650 17 - مدخل إضافي بالموضوع - مصطلح موضوعي
مصطلح موضوعي أو اسم جغرافي كعنصر مدخل الذكاء الاصطناعي.
942 ## - بيانات إضافية (كوها)
نوع التنصيف Dewey Decimal Classification
نوع المادة (كوها) كتب
المقتنيات
حالة السحب حالة الفقدان مصدر التصنيف حالة التلف غير قابل للإعارة المكتبة الرئيسية المكتبة الحالية موقع الرف تاريخ التزويد مصدر التزويد العملة التكلفة، سعر الشراء العادي الرقم المتسلسل Total Checkouts رقم الإستدعاء الباركود تاريخ آخر ظهور التكلفة وسعر الاستبدال تاريخ الفاتورة نوع المادة (كوها)
    Dewey Decimal Classification     المكتبة المركزية المكتبة المركزية الإعارة 18/12/2025 57 JOD 10.50 1799194   629.892 / ب ل ق PLD00928949 18/12/2025 15.00 18/12/2025 كتب
Implemented & Customized by: BBB with SCIT (Smart Chains for Information Technology)

Powered by Koha